Elektrotechnika III : Elektrické stroje pre poslucháčov strojného inžinierstva: I. časť: Trransformátory

Na minha lista:
Detalhes bibliográficos
Autor principal: Puzjak, Ivan (Author)
Formato: Livro
Idioma:eslovaco
Publicado em: Bratislava : SVŠT v Bratislave, 1966
Assuntos:
Tags: Adicionar Tag
Sem tags, seja o primeiro a adicionar uma tag!

MARC

LEADER 00000nam a22000003a 4500
001 stu90958
005 20150617225622.9
008 041013s1966----cs------------------slo-d
040 |a STU  |b slo 
041 0 |a slo 
044 |a cs 
080 |a 621.314 
100 1 |a Puzjak, Ivan  |4 aut 
245 1 |a Elektrotechnika III :  |b Elektrické stroje pre poslucháčov strojného inžinierstva: I. časť: Trransformátory 
260 |a Bratislava :  |b SVŠT v Bratislave,  |c 1966 
300 |a 105 s 
650 7 |a transformátory  |2 stusub 
996 |b 284J023292  |c J*7642  |l JJST  |s P  |a 0  |w stu90958_0001